00448nam a2200181 a 4500001001300000003000900013005001700022008004100039020002300080082001300103100002500116245000900141260003200150300000900182500003500191650001500226700002500241nice12345678IN_TiNIC20260116014152.0070416s2004 dela grp 000 0 eng  a817167755X c29500a823bTAG aTagore, Rabindranath aGora aDelhi bRupa and Co. c2004 a569p aincludes index and biblioraphy aLiterature1 aTagore, Rabindranath